000 00283nam a22001217a 4500
005 20160429143045.0
008 160429b xxu||||| |||| 00| 0 eng d
041 _aeng
082 _b00910
245 _aQuantitive technique for Decision Making
650 _aManagement
_9241
942 _cBK
999 _c294
_d294